| 000 | 00585nam a2200205Ia 4500 | ||
|---|---|---|---|
| 005 | 20250508152116.0 | ||
| 008 | 008 250505s9999 xx 000 0 eng d | ||
| 037 | _aTextBook | ||
| 040 |
_aFEDL _beng _cFEDL |
||
| 041 |
_aeng _2eng |
||
| 084 |
_a373.42, VER _qFEDL |
||
| 100 | _aVernon P E | ||
| 245 | 0 | _aSecondary school selection : A British psychological society inquiry | |
| 260 |
_aLondon, UK _bMethuen and Co. Ltd _c1957 |
||
| 300 | _a216p | ||
| 365 |
_aINR _b10.8 |
||
| 650 | _aSecondary Education | ||
| 942 |
_cTB _h373.42, VER |
||
| 999 |
_c1334296 _d1334296 |
||